| 000 | 00561cam a2200193 a 4500 | ||
|---|---|---|---|
| 020 | _a2852062607 (set) : | ||
| 020 | _a2852062623 (v. 1) | ||
| 020 | _a2852062615 (v. 2) | ||
| 040 | _cDLC | ||
| 082 | _a620 LAV 1985 A040 Or. | ||
| 245 | 0 | 4 |
_aLes Résidus urbains : _btravaux / |
| 250 | _a2e éd. | ||
| 260 |
_aParis : _bLavoisier, _cc1985. |
||
| 300 |
_a2 v. : _bill. ; _c25 cm. |
||
| 650 | 0 | _aRefuse and refuse disposal. | |
| 700 | 1 | _aDorfmann, Roger. | |
| 710 | 2 | _aAssociation générale des hygiénistes et techniciens municipaux (France). | |
| 942 | _cFB | ||
| 999 |
_c11886 _d11886 |
||